000 01336nam a22002297a 4500
005 20150124130444.0
008 140509t mx||||| |||| 00| 0 spa d
050 0 4 _aQ180 .A1
_bS56 1993
111 2 _aSimposio la Investigación y el Desarollo Tecnológico en Michoacán.
_d( 25 al 29 de Enero de 1993 :
_e Morelia, Michoacán de Ocampo, México )
245 1 0 _aSimposio la Investigación y el Desarollo Tecnológico en Michoacán : Memoria /
_cUniversidad Michoacana de San Nicolás de Hidalgo.
250 _a1a. ed.
260 _aMorelia, Michoacán de Ocampo, México :
_bUMSNH : CONACYT,
_c1993
300 _a117 p. ;
_c28 cm.
504 _aIncluye índice
650 7 _2ESCAMILLA
_aCiencia
_xAlocuciones, ensayos y conferencias
_zMichoacán de Ocampo
_zMéxico
_vCongresos
650 7 _2ESCAMILLA
_aTecnología
_xAlocuciones, ensayos y conferencias
_zMichoacán de Ocampo
_zMéxico
_vCongresos
650 7 _2LEMB
_aInvestigación
_xAlocuciones, ensayos y conferencias
_zMichoacán de Ocampo
_zMéxico
_vCongresos
710 2 _aUniversidad Michoacana de San Nicolás de Hidalgo (UMSNH)
710 1 _aMéxico.
_bConsejo Nacional de Ciencia y Tecnología (CONACYT)
711 2 _aSimposio la Investigación y el Desarollo Tecnológico en Michoacán.
_d( 25 al 29 de Enero de 1993 :
_e Morelia, Michoacán de Ocampo, México )
942 _2lcc
_cLIB
999 _c51499
_d51499